[Event "Wloclawek-ch"]
[Site "Wloclawek"]
[Date "2020.??.??"]
[Round "3"]
[White "Stepniak, Stanislaw"]
[Black "Czekalski, Pawel"]
[Result "1-0"]
[WhiteElo "1426"]
[BlackElo "1160"]
[PlyCount "75"]
[EventDate "2020.09.??"]
[EventType "swiss"]
[EventRounds "7"]
[EventCountry "POL"]
[SourceTitle "EXT 2021"]
[Source "ChessBase"]
[SourceDate "2020.10.23"]
[SourceVersion "1"]
[SourceVersionDate "2020.10.23"]
[SourceQuality "1"]

1. e4 e6 2. d4 d5 3. Nd2 Ne7 4. Ngf3 Ng6 5. c3 Nc6 6. e5 f6 7. exf6 Qxf6 8. Nb3 b6 9. Bg5 Qf7 10. Bb5 Bd7 11. Qe2 Be7 12. 0-0 h6 13. Bd2 Bd6 14. Bxc6 Bxc6 15. Ne5 Nxe5 16. dxe5 Be7 17. Nd4 Bd7 18. Qg4 h5 19. Qe2 g5 20. f4 g4 21. f5 Bc5 22. f6 Bxd4+ 23. cxd4 a6 24. Rfc1 Bb5 25. Qe3 Rc8 26. Bb4 Bd7 27. Rc3 c6 28. Bd6 b5 29. Ra3 Ra8 30. Qc3 Rh6 31. Qc5 a5 32. Qb6 a4 33. b3 Bc8 34. Qxc6+ Qd7 35. Qxa8 g3 36. hxg3 Rg6 37. Rc1 Rxf6 38. Rxc8+ 1-0

[Event "Wloclawek CC Classic 13th"]
[Site "Wloclawek"]
[Date "2015.??.??"]
[Round "4"]
[White "Stepniak, Stanislaw"]
[Black "Augustowski, Janusz"]
[Result "0-1"]
[WhiteElo "1434"]
[BlackElo "1768"]
[PlyCount "58"]
[EventDate "2015.04.??"]
[EventType "swiss"]
[EventRounds "7"]
[EventCountry "POL"]
[SourceTitle "EXT 2021"]
[Source "ChessBase"]
[SourceDate "2020.10.23"]
[SourceVersion "1"]
[SourceVersionDate "2020.10.23"]
[SourceQuality "1"]

1. e4 c5 2. g3 e5 3. Bg2 Nc6 4. d3 g6 5. Be3 d6 6. Ne2 Bg7 7. 0-0 Nge7 8. Qd2 0-0 9. c3 f5 10. Na3 b6 11. Bg5 Bb7 12. Nc2 Qd7 13. Rad1 d5 14. exf5 Nxf5 15. Bh3 Qd6 16. Ne1 Rae8 17. Nf3 h6 18. Bxf5 Rxf5 19. Bxh6 Rxf3 20. Kg2 Ref8 21. Bxg7 Kxg7 22. Nf4 exf4 23. Kxf3 fxg3+ 24. Kg2 gxh2 25. d4 Ne7 26. Rh1 Rh8 27. Qg5 Nf5 28. Rde1 Nh4+ 29. Kf1 Ba6+ 0-1

[Event "Wloclawek CC Classic 12th"]
[Site "Wloclawek"]
[Date "2015.??.??"]
[Round "4"]
[White "Stepniak, Stanislaw"]
[Black "Garbowski, Jerzy"]
[Result "0-1"]
[WhiteElo "1434"]
[BlackElo "2000"]
[PlyCount "110"]
[EventDate "2015.03.??"]
[EventType "swiss"]
[EventRounds "7"]
[EventCountry "POL"]
[SourceTitle "EXT 2021"]
[Source "ChessBase"]
[SourceDate "2020.10.23"]
[SourceVersion "1"]
[SourceVersionDate "2020.10.23"]
[SourceQuality "1"]

1. e4 g6 2. d4 Bg7 3. Nc3 d6 4. Be3 Nc6 5. Qd2 Nf6 6. f3 0-0 7. Rd1 a6 8. g4 e5 9. d5 Nd4 10. h4 h5 11. g5 Nd7 12. Nge2 Nxe2 13. Nxe2 f5 14. Bg2 Nc5 15. c4 Rf7 16. b4 Na4 17. Nc3 Bd7 18. Qc2 Qe8 19. Rd2 Bf8 20. Rf2 Nxc3 21. Qxc3 c6 22. Qb2 cxd5 23. cxd5 Bb5 24. Rc2 Rc8 25. Bb6 Bd3 26. Rc3 fxe4 27. fxe4 Rxc3 28. Qxc3 Qb5 29. Be3 a5 30. Kd2 Bc4 31. bxa5 Bxa2 32. Ra1 Bc4 33. Rc1 Bf1 34. Bxf1 Rxf1 35. Re1 Rxe1 36. Kxe1 Qb1+ 37. Ke2 Qxe4 38. Qc8 Qxd5 39. Qd8 Qf7 40. Qb6 Kh7 41. Bf2 Qd7 42. Bg3 Kg7 43. Qb3 Be7 44. Qd5 Qg4+ 45. Kf2 Qd4+ 46. Qxd4 exd4 47. Ke2 d5 48. Bc7 Bb4 49. Kd3 Bc3 50. Be5+ Kf7 51. Bxd4 Bxa5 52. Bf2 Ke6 53. Ke2 Kf5 54. Kf3 b5 55. Bc5 Be1 0-1

[Event "Wloclawek CC Classic 12th"]
[Site "Wloclawek"]
[Date "2015.??.??"]
[Round "7"]
[White "Wojcik, Bartlomiej"]
[Black "Stepniak, Stanislaw"]
[Result "0-1"]
[WhiteElo "1000"]
[BlackElo "1434"]
[PlyCount "50"]
[EventDate "2015.03.??"]
[EventType "swiss"]
[EventRounds "7"]
[EventCountry "POL"]
[SourceTitle "EXT 2021"]
[Source "ChessBase"]
[SourceDate "2020.10.23"]
[SourceVersion "1"]
[SourceVersionDate "2020.10.23"]
[SourceQuality "1"]

1. e4 c5 2. Nf3 d6 3. d4 cxd4 4. Nxd4 Nf6 5. Nc3 a6 6. Bc4 e6 7. f4 b5 8. Bd3 Bb7 9. a3 Be7 10. Be3 0-0 11. h3 Qc7 12. Nb3 Nbd7 13. g4 Nc5 14. Nxc5 dxc5 15. g5 Nd7 16. Qf3 b4 17. Nd1 c4 18. Be2 Rac8 19. a4 Qc6 20. Nf2 Nc5 21. Qg2 Nxa4 22. Bf3 Nxb2 23. Ke2 Na4 24. e5 Qxf3+ 25. Qxf3 Nc3+ 0-1

[Event "Wloclawek CC Classic 08th"]
[Site "Wloclawek"]
[Date "2013.??.??"]
[Round "2"]
[White "Cichocki, Konrad"]
[Black "Stepniak, Stanislaw"]
[Result "0-1"]
[WhiteElo "1958"]
[BlackElo "2000"]
[PlyCount "40"]
[EventDate "2013.06.??"]
[EventType "swiss"]
[EventRounds "7"]
[EventCountry "POL"]
[SourceTitle "EXT 2021"]
[Source "ChessBase"]
[SourceDate "2020.10.23"]
[SourceVersion "1"]
[SourceVersionDate "2020.10.23"]
[SourceQuality "1"]

1. Nf3 d5 2. d4 e6 3. c4 Nc6 4. Nc3 Nf6 5. Bg5 Be7 6. e3 0-0 7. Bxf6 Bxf6 8. cxd5 exd5 9. Qb3 Re8 10. Qxd5 Bg4 11. Qxd8 Raxd8 12. 0-0-0 a6 13. Be2 b5 14. Nd2 Bf5 15. g4 Bg6 16. Nxb5 axb5 17. Bxb5 Nb4 18. e4 c6 19. Bc4 Rxd4 20. Bb3 Nd3+ 0-1

[Event "Wloclawek-ch"]
[Site "Wloclawek"]
[Date "2012.??.??"]
[Round "5"]
[White "Stepniak, Stanislaw"]
[Black "Jeziorny, Janusz"]
[Result "1/2-1/2"]
[WhiteElo "2000"]
[BlackElo "1666"]
[PlyCount "61"]
[EventDate "2012.09.??"]
[EventType "swiss"]
[EventRounds "9"]
[EventCountry "POL"]
[SourceTitle "EXT 2021"]
[Source "ChessBase"]
[SourceDate "2020.10.23"]
[SourceVersion "1"]
[SourceVersionDate "2020.10.23"]
[SourceQuality "1"]

1. e4 c6 2. d4 d5 3. exd5 cxd5 4. Nf3 Nc6 5. c3 Nf6 6. Bg5 Bg4 7. Be2 Qc7 8. Nbd2 e6 9. 0-0 Bd6 10. h3 Bh5 11. Re1 0-0 12. g4 Bg6 13. Nh4 Bf4 14. Bxf4 Qxf4 15. Ng2 Qd6 16. f4 Ne4 17. Nxe4 Bxe4 18. Bf3 f5 19. g5 Na5 20. b3 b5 21. Rc1 Rac8 22. Kf2 Rc7 23. Qd2 Rfc8 24. c4 Qa3 25. c5 Nc6 26. Ne3 Qb4 27. Red1 a5 28. Be2 Rb8 29. Qxb4 Nxb4 30. a3 Nc6 31. Rd2 1/2-1/2

[Event "Wloclawek-ch"]
[Site "Wloclawek"]
[Date "2012.??.??"]
[Round "1"]
[White "Stepniak, Stanislaw"]
[Black "Kujawski, Szymon"]
[Result "1-0"]
[WhiteElo "2000"]
[BlackElo "1600"]
[PlyCount "83"]
[EventDate "2012.09.??"]
[EventType "swiss"]
[EventRounds "9"]
[EventCountry "POL"]
[SourceTitle "EXT 2021"]
[Source "ChessBase"]
[SourceDate "2020.10.23"]
[SourceVersion "1"]
[SourceVersionDate "2020.10.23"]
[SourceQuality "1"]

1. e4 c5 2. Nf3 Nc6 3. d4 cxd4 4. Nxd4 Nf6 5. Nc3 a6 6. Be2 e5 7. Nxc6 bxc6 8. f3 Be7 9. Be3 0-0 10. 0-0 d5 11. exd5 cxd5 12. Bf2 Bb7 13. Re1 d4 14. Nb1 Nd7 15. Bc4 Kh8 16. Qe2 Bc5 17. Nd2 f6 18. Ne4 Qc7 19. Rac1 Rfd8 20. Red1 Bb6 21. c3 dxc3 22. Rxc3 Bxf2+ 23. Nxf2 Qb6 24. Rb3 Qc7 25. Rbd3 h6 26. Bb3 Nc5 27. Rc3 Qb6 28. Rdc1 Rac8 29. Qe3 Nd7 30. Qe1 Nc5 31. h3 Nd3 32. Rxd3 Rxd3 33. Rxc8+ Bxc8 34. Qe2 Re3 35. Qc4 Qd8 36. Ne4 Rxe4 37. Qxe4 Qd4+ 38. Qxd4 exd4 39. Kf2 Kh7 40. Bc2+ g6 41. Ke2 Bf5 42. Kd2 1-0

[Event "Wloclawek-ch"]
[Site "Wloclawek"]
[Date "2011.??.??"]
[Round "9"]
[White "Kujawski, Szymon"]
[Black "Stepniak, Stanislaw"]
[Result "0-1"]
[WhiteElo "1200"]
[BlackElo "2000"]
[PlyCount "58"]
[EventDate "2011.05.??"]
[EventType "swiss"]
[EventRounds "9"]
[EventCountry "POL"]
[SourceTitle "EXT 2021"]
[Source "ChessBase"]
[SourceDate "2020.10.23"]
[SourceVersion "1"]
[SourceVersionDate "2020.10.23"]
[SourceQuality "1"]

1. d4 d5 2. c4 c6 3. Nf3 Nf6 4. cxd5 cxd5 5. Nc3 e6 6. Bg5 Be7 7. e3 0-0 8. Bd3 Nc6 9. Rc1 Bd7 10. 0-0 Rc8 11. Re1 h6 12. Bh4 Re8 13. e4 dxe4 14. Nxe4 Nxe4 15. Bxe7 Nxe7 16. Bxe4 Rxc1 17. Qxc1 Bc6 18. Bxc6 Nxc6 19. Qd1 Qd5 20. b3 Rd8 21. Re5 Nxe5 22. Nxe5 Qxe5 23. g3 Qxd4 24. Qf3 Qd1+ 25. Kg2 Qxf3+ 26. Kxf3 Rd2 27. Ke4 Rxf2 28. Ke5 Rxa2 29. Kd6 Rc2 0-1

[Event "Wloclawek CC Classic-A 02nd"]
[Site "Wloclawek"]
[Date "2011.??.??"]
[Round "7"]
[White "Stepniak, Stanislaw"]
[Black "Augustowski, Janusz"]
[Result "0-1"]
[WhiteElo "2000"]
[BlackElo "1981"]
[PlyCount "68"]
[EventDate "2011.09.??"]
[EventType "tourn"]
[EventRounds "10"]
[EventCountry "POL"]
[SourceTitle "EXT 2021"]
[Source "ChessBase"]
[SourceDate "2020.10.23"]
[SourceVersion "1"]
[SourceVersionDate "2020.10.23"]
[SourceQuality "1"]

1. e4 e5 2. Nf3 Nc6 3. Bc4 Nf6 4. Ng5 d5 5. exd5 Na5 6. Bb5+ c6 7. dxc6 bxc6 8. Be2 h6 9. Nf3 e4 10. Ne5 Qd4 11. Ng4 Bxg4 12. Bxg4 e3 13. f3 Rd8 14. Qe2 Nxg4 15. fxg4 Be7 16. dxe3 Qe4 17. 0-0 0-0 18. Nc3 Qe6 19. b3 Bc5 20. Kh1 Nb7 21. Na4 Bd4 22. Rb1 Rfe8 23. Re1 Nd6 24. c3 Bf6 25. Rb2 Ne4 26. Rc2 Be5 27. Qf3 Qd5 28. c4 Qd3 29. Qe2 Qd6 30. g3 Bxg3 31. Rf1 Bxh2 32. Qf3 Ng3+ 33. Kxh2 Nxf1+ 34. Kg2 Qh2+ 0-1

[Event "Wloclawek CC Classic-A 02nd"]
[Site "Wloclawek"]
[Date "2011.??.??"]
[Round "5"]
[White "Stepniak, Stanislaw"]
[Black "Jeziorny, Janusz"]
[Result "1/2-1/2"]
[WhiteElo "2000"]
[BlackElo "2000"]
[PlyCount "71"]
[EventDate "2011.09.??"]
[EventType "tourn"]
[EventRounds "10"]
[EventCountry "POL"]
[SourceTitle "EXT 2021"]
[Source "ChessBase"]
[SourceDate "2020.10.23"]
[SourceVersion "1"]
[SourceVersionDate "2020.10.23"]
[SourceQuality "1"]

1. e4 c6 2. d4 d5 3. Nc3 dxe4 4. Nxe4 Nd7 5. c3 Ngf6 6. Bd3 Qc7 7. Nf3 Nxe4 8. Bxe4 Nf6 9. Bc2 Bg4 10. 0-0 e6 11. Bg5 Be7 12. Re1 h6 13. Bh4 0-0-0 14. h3 Bxf3 15. Qxf3 Nd5 16. Bxe7 Qxe7 17. Re5 Qf6 18. Qxf6 Nxf6 19. Rae1 g5 20. g3 Rd5 21. Bb3 Rxe5 22. Rxe5 Rd8 23. Kf1 b6 24. Ke2 Rd6 25. Ke3 Nd7 26. Re4 c5 27. dxc5 Nxc5 28. Rc4 Kb7 29. Bc2 f5 30. Rd4 Kc7 31. b4 Nd7 32. f4 Nf6 33. Kf3 Rxd4 34. cxd4 gxf4 35. gxf4 Nd5 36. a3 1/2-1/2

[Event "Wloclawek CC Classic-A 02nd"]
[Site "Wloclawek"]
[Date "2011.??.??"]
[Round "3"]
[White "Stepniak, Stanislaw"]
[Black "Kulinski, Krzysztof"]
[Result "0-1"]
[WhiteElo "2000"]
[BlackElo "2099"]
[PlyCount "55"]
[EventDate "2011.09.??"]
[EventType "tourn"]
[EventRounds "10"]
[EventCountry "POL"]
[SourceTitle "EXT 2021"]
[Source "ChessBase"]
[SourceDate "2020.10.23"]
[SourceVersion "1"]
[SourceVersionDate "2020.10.23"]
[SourceQuality "1"]

1. e4 c5 2. Nf3 d6 3. d4 cxd4 4. Nxd4 Nf6 5. Nc3 a6 6. Be2 e5 7. Nb3 Be7 8. 0-0 Be6 9. Bg5 Nbd7 10. Qd2 0-0 11. h3 Qc7 12. Rac1 Rfe8 13. Rfd1 Rac8 14. f3 b5 15. Nd5 Bxd5 16. Bxf6 Nxf6 17. exd5 Nh5 18. Bd3 Bh4 19. c3 Qb6+ 20. Kh1 Bg3 21. Qg5 g6 22. Rc2 Bf4 23. Qg4 Ng3+ 24. Kh2 Nf1+ 25. Kh1 Ne3 26. Qxc8 Rxc8 27. Rdd2 Nxc2 28. Rxc2 0-1

[Event "Wloclawek-ch"]
[Site "Wloclawek"]
[Date "2011.??.??"]
[Round "2"]
[White "Stepniak, Stanislaw"]
[Black "Lewandowski, Bogdan"]
[Result "1-0"]
[WhiteElo "2000"]
[BlackElo "1400"]
[PlyCount "73"]
[EventDate "2011.05.??"]
[EventType "swiss"]
[EventRounds "9"]
[EventCountry "POL"]
[SourceTitle "EXT 2021"]
[Source "ChessBase"]
[SourceDate "2020.10.23"]
[SourceVersion "1"]
[SourceVersionDate "2020.10.23"]
[SourceQuality "1"]

1. e4 e5 2. Nf3 Nf6 3. Nxe5 d6 4. Nf3 Nxe4 5. d4 Qe7 6. Be3 g6 7. Bd3 Bg4 8. 0-0 Nd7 9. Re1 Ndf6 10. Bg5 d5 11. Bxe4 dxe4 12. Bxf6 Qxf6 13. Rxe4+ Be6 14. Nc3 0-0-0 15. Qe2 Bd6 16. Rd1 c6 17. a3 h5 18. b4 a6 19. Ne5 Bxe5 20. Rxe5 h4 21. Ne4 Qf4 22. c3 Bd5 23. Nc5 h3 24. g3 Qf3 25. Qxf3 Bxf3 26. Rde1 Bd5 27. Re7 Bc4 28. Nxb7 Rd7 29. Na5 Be6 30. Rxd7 Kxd7 31. Nb7 Bc4 32. f4 f5 33. Kf2 Bd3 34. Nc5+ Kd6 35. Nxd3 Kd5 36. Nb2 Rb8 37. Re5+ 1-0